• 首页
  • 本馆介绍
  • 公告通知
  • 最新文献
  • 馆藏检索
  • 电子资源
  • 读者导购
  • 参考咨询
  • 我的图书馆
  • 登录
  • 详细信息显示
  • 放入我的书架
  • 预约/预借图书
  • 作者相关作品
  • 分类相关作品
  • 丛书相关作品
  • 出版社相关作品

书目信息

  • 表格格式
  • 工作单格式
  • 卡片格式
题名:
有机化学中的保护基团
    
 
作者: 赵知中 编
分册:  
出版信息: 北京   科学出版社  1984
页数: 463页
开本: 21cm
丛书名:
单 册:
中图分类: O621.25 , O621.12
科图分类:
主题词: 有机化学-化学性质 , 化学性质-有机化学 , 有机化学
电子资源:
ISBN:
000 00889nam0 2200301 45
001 0184002033
005 20040906104352.9
010    @dCNY2.80
091    @a13031.2487
100    @a19950525d1984 em y0chiy0121 ea
101 1  @achi@ceng
102    @aCN@b110000
105    @ay z 000yy
106    @ar
200 10 @a有机化学中的保护基团@Ayou ji hua xue zhong de bao hu ji tuan@f赵知中等编@FZhao Zhi Zhong Deng Bian
210    @a北京@c科学出版社@d1984
215    @a463页@d21cm
300    @a书名原文:Protective Groups in Organic Chemistry
510 1  @aProtective Groups in Organic Chemistry@zeng
606    @a有机化学-化学性质
606    @a化学性质-有机化学
606 0  @a有机化学
690    @aO621.25@v3
690    @aO621.12
701  0 @a赵知中@Azhao zhi zhong@4编
801  0 @aCN@b上海图书馆@c20040906
801  2 @aCN@bNLC@c20040906
905    @f1@b126238@dO621.12@e31
    
    有机化学中的保护基团/赵知中等编.-北京:科学出版社,1984
    463页;21cm
    书名原文:Protective Groups in Organic Chemistry
    
    ISBN :CNY2.80
    
●
相关链接 在E读中查询图书 在五车中查询图书 在当当中查询图书 在豆瓣中查询图书


正题名:有机化学中的保护基团     索取号:O621.12/31         预约/预借

序号 登录号 条形码 馆藏地/架位号 状态 备注
1 0126238   001952328   第三借阅区/ [索取号:O621.12/31] 在馆    
2 0126239   202100298   第二样本阅览室/ [索取号:O621.12/31] 在馆    
唐山师范学院图书馆 欢迎您!
大连网信软件有限公司© 版权所有